000 01024nam a2200337 a 4500
003 AR-BaBNM
005 20251128203706.0
008 082120s2002 ||||||||||||||000 | spa||
020 _a950-02-5782-3
040 _cAR-BaBNM
100 1 _aBorzone de Manrique, Ana María
245 0 0 _aIniciación a la lectoescritura
_bteoría y práctica
250 _a1ª ed.
260 _aBuenos Aires
_bEl Ateneo
_c1987
300 _ax, 140 p.
490 0 _aBiblioteca nuevas orientaciones de la educación. Formación docente
500 _aContiene referencias bibliográficas y apéndices
650 4 _aENSEÑANZA DE LA LECTURA
650 4 _aENSEÑANZA DE LA ESCRITURA
650 4 _aFONOLOGIA
650 4 _aLEXICO
653 _aENSENANZA DE LA LENGUA
653 _aLECTOESCRITURA
653 _aEDUCACION INICIAL
653 _aEDUCACION PRIMARIA
700 1 _aGramigna, Susana
700 1 _aPérez, Carmen G. de
_ecolaborador
700 1 _aFernández, Edit M. de
_ecolaborador
942 _cBK
998 _cCarmen
999 _c4509
_d4509